000 00964cam a2200265 4500
001 B665
008 090401t1987 xxu||||| |||| 00| 0 eng d
035 _a(Sirsi) u37266
041 _aeng
050 _a333.337016
110 _aInvestors Chronicle
_92657
245 _aInvestors Chronicle Hillier Parker rent index . - Number 1 (November 1977) - Number 21 (November 1987)
260 _aLondon
_bInvestors Chronicle Hillier Parker May a
_c1977-1987
350 _a0
520 _aPublished twice a year. - Nos. 1 - 18 bound in one vol. shelved at Reserve shelf 317. Continued as part of ICHP Property Market Indicators q.v. - From March 1991 published in a new series of ICHP Rent Index q.v.
650 _aICHP RENT INDEX
650 _aINDEXES
650 _aINDUSTRIAL PROPERTY
650 _aOFFICES
650 _aPROPERTY MARKET INDICATORS
650 _aSHOPS
710 _aHillier Parker May and Rowden
_92042
942 _n0
948 _c04/03/1997
999 _c90459
_d90459